Исследования по развитию теории аппаратуры и приёмов работы амальгамной полярографии с накоплением и по применению этого метода к анализу полупроводниковых и особо чистых материалов; Итоги исследований по химии за 50 лет. 1917-1967

التفاصيل البيبلوغرافية
Parent link:Итоги исследований по химии за 50 лет. 1917-1967.— 1968.— С. 16-24
المؤلف الرئيسي: Стромберг А. Г. Армин Генрихович
اللغة:الروسية
منشور في: 1968
الموضوعات:
التنسيق: MixedMaterials فصل الكتاب
KOHA link:https://koha.lib.tpu.ru/cgi-bin/koha/opac-detail.pl?biblionumber=152338

MARC

LEADER 00000naa2a2200000 4500
001 152338
005 20240221132942.0
035 |a (RuTPU)RU\TPU\book\165168 
035 |a RU\TPU\tpu\15269 
090 |a 152338 
100 |a 20090130d1968 k y0rusy50 ca 
101 0 |a rus 
102 |a RU 
200 1 |a Исследования по развитию теории аппаратуры и приёмов работы амальгамной полярографии с накоплением и по применению этого метода к анализу полупроводниковых и особо чистых материалов  |f А. Г. Стромберг 
320 |a Библиогр.: 106 назв. 
463 0 |0 (RuTPU)RU\TPU\book\291213  |t Итоги исследований по химии за 50 лет. 1917-1967  |o труды межвузовской научной конференции, посвященной пятидесятилетию Великой Октябрьской социалистической революции  |f Томский государственный университет (ТГУ) ; под ред. В. В. Серебренникова , А. Г. Стромберга , П. Г. Усова  |v С. 16-24  |d 1968  |p 171 с. 
610 1 |a труды учёных ТПУ 
700 1 |a Стромберг  |b А. Г.  |c химик, специалист в области классической полярографии и инверсионной вольтамперометрии  |c профессор Томского политехнического института  |f 1910-2004  |g Армин Генрихович  |3 (RuTPU)RU\TPU\pers\11188  |9 2478 
801 1 |a RU  |b 63413507  |c 20081115  |g PSBO 
801 2 |a RU  |b 63413507  |c 20161202  |g PSBO 
942 |c BK